LIBRARY & INFORMATION CENTRE, KCAET, TAVANUR

ONLINE PUBLIC ACCESS CATALOGUE (OPAC)

Kumaranasaneppatti (Record no. 11511)

MARC details
000 -LEADER
fixed length control field 00612cam a2200157ua 4500
041 ## - LANGUAGE CODE
Language code of text/sound track or separate title mal
082 ## - DEWEY DECIMAL CLASSIFICATION NUMBER
Classification number 8+94.812301
Item number KUM/KU
245 ## - TITLE STATEMENT
Title Kumaranasaneppatti
250 ## - EDITION STATEMENT
Edition statement 2 /
260 ## - PUBLICATION, DISTRIBUTION, ETC. (IMPRINT)
Place of publication Trivandrum :
Name of publisher Kumaranasan memorial committee ,
Year of publication 1968.
300 ## - PHYSICAL DESCRIPTION
Number of Pages 171 ; .
942 ## - ADDED ENTRY ELEMENTS (KOHA)
Koha item type Books
Holdings
Withdrawn status Lost status Damaged status Home library Current library Date acquired Full call number Accession Number Koha item type
      KAUAET KAUAET 07/04/2012 8+94.812301 12718 Books
free website counter